Score 0/20 Timer 05:00
1 Play Today
Founding Father % Correct
George Washington
96.9%
Thomas Jefferson
95.6%
Benjamin Franklin
95.4%
John Adams
93.8%
James Madison
82.9%
Alexander Hamilton
77.5%
John Hancock
61.6%
Paul Revere
52.2%
Aaron Burr
47%
Thomas Paine
36.9%
Founding Father % Correct
Patrick Henry
34.6%
John Jay
33.6%
Robert Morris
19.6%
Richard Henry Lee
16.9%
Roger Sherman
10.8%
Elbridge Gerry
10.3%
John Dickinson
8.9%
John Rutledge
7.6%
Mercy Otis Warren
6.5%
Stephen Hopkins
4.2%
Remove Ads.
Support Sporcle.
Get the best of Sporcle when you Go Orange. This ad-free experience offers more features, more stats, and more fun while also helping to support Sporcle. Thank you for becoming a member.

You're not logged in!

Compare scores with friends on all Sporcle quizzes.
OR
Log In

Show Comments

Extras

Top Quizzes Today


Score Distribution

Your Account Isn't Verified!

In order to create a playlist on Sporcle, you need to verify the email address you used during registration. Go to your Sporcle Settings to finish the process.

Report this User

Report this user for behavior that violates our Community Guidelines.

Details: